[Event "Ghent op 46th"]
[Site "Ghent"]
[Date "2025.07.19"]
[Round "2"]
[White "Thienpondt, Mardoek Michel"]
[Black "Bekker, Stefan"]
[Result "0-1"]
[WhiteElo "1984"]
[BlackElo "2386"]
[PlyCount "94"]
[EventDate "2025.07.19"]
[EventType "swiss"]
[EventRounds "9"]
[EventCountry "BEL"]
[SourceTitle "CB30_2025"]
[SourceDate "2025.07.23"]
[SourceVersion "1"]
[SourceVersionDate "2025.07.23"]
[SourceQuality "1"]

1. e4 c5 2. Nf3 d6 3. d4 cxd4 4. Nxd4 Nf6 5. Nc3 a6 6. Qf3 Nbd7 7. h3 e6 8. g4 h6 9. Be2 Qc7 10. h4 b5 11. g5 Ne5 12. Qg2 hxg5 13. hxg5 Rxh1+ 14. Qxh1 Nfd7 15. f4 Nc6 16. Be3 Nxd4 17. Bxd4 b4 18. Nd1 Bb7 19. Nf2 e5 20. fxe5 dxe5 21. Qh2 0-0-0 22. Be3 Bc5 23. Bd2 a5 24. Qh7 Nf8 25. Qf5+ Kb8 26. Nd3 Bd6 27. 0-0-0 Rc8 28. Ne1 g6 29. Qf3 Ne6 30. Be3 Bc5 31. Bxc5 Qxc5 32. Qxf7 Qe3+ 33. Rd2 Nf4 34. Kd1 Nxe2 35. Rxe2 Rd8+ 36. Nd3 Qg1+ 37. Re1 Qxg5 38. Qe6 Ka7 39. Qc4 Qe7 40. Qb5 Qc7 41. Kc1 Rc8 42. Re2 Ba6 43. Qd5 Rd8 44. Qxe5 Qxe5 45. Nxe5 Bxe2 46. Nc6+ Kb6 47. Nxd8 Bc4 0-1

[Event "Ghent op 45th"]
[Site "Ghent"]
[Date "2024.07.24"]
[Round "9"]
[White "Thienpondt, Mardoek Michel"]
[Black "Chua, Ethan"]
[Result "0-1"]
[WhiteElo "1989"]
[BlackElo "2131"]
[PlyCount "108"]
[EventDate "2024.07.20"]
[EventType "swiss"]
[EventRounds "9"]
[EventCountry "BEL"]
[SourceTitle "CBM 221 Extra"]
[Source "ChessBase"]
[SourceDate "2024.09.30"]
[SourceVersion "1"]
[SourceVersionDate "2024.09.30"]
[SourceQuality "1"]

1. e4 c5 2. Nf3 Nc6 3. d4 cxd4 4. Nxd4 e5 5. Nb5 d6 6. N1c3 a6 7. Na3 Be7 8. Nc4 b5 9. Ne3 Nf6 10. f3 0-0 11. a4 b4 12. Ncd5 Nxd5 13. Nxd5 Bh4+ 14. g3 Bg5 15. Bxg5 Qxg5 16. Qd2 Nd4 17. 0-0-0 Qxd2+ 18. Rxd2 Rb8 19. a5 Be6 20. Nb6 Rb7 21. Kb1 Rc7 22. f4 f6 23. f5 Bf7 24. g4 Rd8 25. h4 Rc5 26. b3 Rxa5 27. g5 d5 28. gxf6 gxf6 29. exd5 Nb5 30. Bxb5 Rxb5 31. Nc4 Rbxd5 32. Rg2+ Kf8 33. Kb2 Rd1 34. Rh3 Rf1 35. Ne3 Rf4 36. Rh1 Re4 37. Ng4 Rd6 38. Nh6 Bd5 39. Rd2 Kg7 40. Rhd1 Kxh6 41. Rxd5 Rxd5 42. Rxd5 Rxh4 43. Rd6 Kg5 44. Rxa6 e4 45. c4 Kxf5 46. Rb6 e3 47. Kc2 Rd4 48. Rb5+ Kf4 49. Rh5 Kf3 50. c5 e2 51. Rf5+ Ke4 52. Rxf6 Kd5 53. Rd6+ Ke5 54. Rxd4 Kxd4 0-1

[Event "BEL-ch U20"]
[Site "Blankenberge"]
[Date "2017.04.12"]
[Round "5"]
[White "Terryn, Ezra"]
[Black "Thienpondt, Mardoek Michel"]
[Result "1-0"]
[WhiteElo "1970"]
[BlackElo "1955"]
[PlyCount "75"]
[EventDate "2017.04.09"]
[EventType "swiss"]
[EventRounds "9"]
[EventCountry "BEL"]
[SourceTitle "CBM 178 Extra"]
[Source "ChessBase"]
[SourceDate "2017.06.22"]
[SourceVersion "1"]
[SourceVersionDate "2017.06.22"]
[SourceQuality "1"]

1. e4 e5 2. Nf3 Nc6 3. Bc4 Nf6 4. d3 Be7 5. c3 d5 6. exd5 Nxd5 7. 0-0 0-0 8. Re1 Bg4 9. Nbd2 Nf6 10. Qe2 a6 11. Bb3 Qd7 12. h3 Bh5 13. Nc4 Bd6 14. Bg5 b5 15. Ncd2 Rfe8 16. Ne4 Nxe4 17. dxe4 Na5 18. Bc2 f6 19. Be3 Nc4 20. Bb3 Bf7 21. Bxc4 bxc4 22. Qc2 Reb8 23. Nd2 Rb7 24. b3 Qc6 25. b4 a5 26. a3 axb4 27. cxb4 c3 28. Rec1 g6 29. Qxc3 Qxc3 30. Rxc3 Bxb4 31. Rb1 Bxc3 32. Rxb7 c5 33. Nb3 c4 34. Nc5 Rxa3 35. Bh6 Ra8 36. Nd7 Kh8 37. Nxf6 Bd2 38. Rxf7 1-0

[Event "Vlissingen HZ op 19th"]
[Site "Vlissingen"]
[Date "2015.08.06"]
[Round "7"]
[White "Thienpondt, Mardoek Michel"]
[Black "Haak, Eelco"]
[Result "0-1"]
[WhiteElo "1859"]
[BlackElo "2081"]
[PlyCount "84"]
[EventDate "2015.08.01"]
[EventType "swiss"]
[EventRounds "9"]
[EventCountry "NED"]
[SourceTitle "CBM 167 Extra"]
[Source "ChessBase"]
[SourceDate "2015.09.14"]
[SourceVersion "1"]
[SourceVersionDate "2015.09.14"]
[SourceQuality "1"]

1. e4 e6 2. d4 d5 3. Nc3 Bb4 4. exd5 exd5 5. Bd3 Nc6 6. Nge2 Nge7 7. Bg5 f6 8. Bf4 Bg4 9. 0-0 Qd7 10. f3 Bf5 11. Bxf5 Nxf5 12. Qd3 0-0-0 13. Nb5 Bd6 14. Nxd6+ Nxd6 15. Ng3 g6 16. c3 Rde8 17. a4 Rhg8 18. a5 h5 19. b4 h4 20. Ne2 Qf5 21. Qd1 Rxe2 22. Qxe2 Re8 23. Qd2 Nc4 24. Qc1 g5 25. Bd2 h3 26. Re1 Rh8 27. Re2 hxg2 28. Rxg2 Rh3 29. Qe1 Nd8 30. Bc1 Rxf3 31. Raa2 Nd6 32. Raf2 Ne4 33. Rxf3 Qxf3 34. Bd2 Qh3 35. b5 Nf7 36. c4 f5 37. Bxg5 dxc4 38. Bh4 Kd7 39. Qb4 Qxh4 40. Rg7 Qf2+ 41. Kh1 Qf1+ 42. Rg1 Nf2# 0-1

[Event "Vlissingen HZ op 19th"]
[Site "Vlissingen"]
[Date "2015.08.01"]
[Round "1"]
[White "Thienpondt, Mardoek Michel"]
[Black "Beerdsen, Thomas"]
[Result "0-1"]
[WhiteElo "1859"]
[BlackElo "2319"]
[PlyCount "54"]
[EventDate "2015.08.01"]
[EventType "swiss"]
[EventRounds "9"]
[EventCountry "NED"]
[SourceTitle "CBM 167 Extra"]
[Source "ChessBase"]
[SourceDate "2015.09.14"]
[SourceVersion "1"]
[SourceVersionDate "2015.09.14"]
[SourceQuality "1"]

1. e4 c5 2. Nf3 d6 3. d4 cxd4 4. Nxd4 Nf6 5. Nc3 a6 6. f3 e6 7. Be3 b5 8. a3 Nbd7 9. Qd2 Bb7 10. g4 h6 11. 0-0-0 Rc8 12. h4 d5 13. g5 hxg5 14. Bxg5 b4 15. Nb1 Qa5 16. axb4 Bxb4 17. Qe3 dxe4 18. Bh3 Nd5 19. Qe2 e3 20. Bxe3 Nxe3 21. Qxe3 Qe5 22. Qxe5 Nxe5 23. Bg2 Be7 24. Rh2 Bg5+ 25. Nd2 Bf4 26. Rh3 Nd3+ 27. Kb1 Nf2 0-1

[Event "BEL-ch U18"]
[Site "Blankenberge"]
[Date "2015.04.18"]
[Round "9"]
[White "Koetters, Marcel"]
[Black "Thienpondt, Mardoek Michel"]
[Result "0-1"]
[WhiteElo "1781"]
[BlackElo "1837"]
[PlyCount "62"]
[EventDate "2015.04.12"]
[EventType "swiss"]
[EventRounds "9"]
[EventCountry "BEL"]
[SourceTitle "CBM 166 Extra"]
[Source "ChessBase"]
[SourceDate "2015.06.18"]
[SourceVersion "1"]
[SourceVersionDate "2015.06.18"]
[SourceQuality "1"]

1. e4 c5 2. Nf3 g6 3. d4 cxd4 4. Nxd4 Nc6 5. Nc3 Bg7 6. Be3 Nf6 7. Bc4 0-0 8. Bb3 d6 9. f3 Bd7 10. Qd2 Rc8 11. 0-0-0 Nxd4 12. Bxd4 b5 13. Nd5 Nxd5 14. Bxg7 Kxg7 15. exd5 a5 16. a3 Kg8 17. g4 a4 18. Ba2 Qb6 19. h4 f5 20. h5 fxg4 21. hxg6 Rxc2+ 22. Qxc2 Rc8 23. Qxc8+ Bxc8 24. gxh7+ Kh8 25. Rd3 Bf5 26. Rc3 g3 27. Bb1 g2 28. Rd1 Bxb1 29. Kxb1 g1Q 30. Rxg1 Qxg1+ 31. Ka2 Qd1 0-1

[Event "BEL-ch U18"]
[Site "Blankenberge"]
[Date "2014.04.14"]
[Round "3"]
[White "Thienpondt, Mardoek Michel"]
[Black "Bex, Lennert"]
[Result "1-0"]
[WhiteElo "1788"]
[BlackElo "1873"]
[PlyCount "91"]
[EventDate "2014.04.??"]
[EventType "swiss"]
[EventRounds "9"]
[EventCountry "BEL"]
[SourceTitle "EXT 2015"]
[Source "ChessBase"]
[SourceDate "2014.11.20"]
[SourceVersion "1"]
[SourceVersionDate "2014.11.20"]
[SourceQuality "1"]

1. e4 c6 2. d4 d5 3. exd5 cxd5 4. Bf4 Bf5 5. Nf3 Nc6 6. Bd3 Bg6 7. Bxg6 hxg6 8. Qd3 Nf6 9. Nc3 a6 10. a3 e6 11. 0-0 Be7 12. Ne5 Nh5 13. Ne2 Nxf4 14. Nxf4 Nxe5 15. dxe5 g5 16. Ne2 Qc7 17. Qe3 Bf6 18. f4 gxf4 19. Nxf4 Bxe5 20. Rae1 Bxf4 21. Rxf4 g5 22. Qd4 Rh7 23. Qd3 Qxf4 24. Qxh7 Ke7 25. Rf1 Qd4+ 26. Kh1 Rf8 27. c3 Qc4 28. Kg1 Qe2 29. Qg7 Qh5 30. Qd4 f5 31. Qb4+ Kf7 32. Qxb7+ Kf6 33. Qxa6 Rh8 34. Qd6 f4 35. h3 Qe2 36. Qb6 Qe5 37. Qc5 Rb8 38. b4 Qe4 39. a4 Qd3 40. a5 Rb5 41. Qf8+ Kg6 42. Qe8+ Kg7 43. Qe7+ Kh8 44. Qf6+ Kh7 45. Qf7+ Kh8 46. Qh5+ 1-0